000
00322nam a2200109Ia 4500
008
171204s9999 xx 000 0 und d
245
_a
Methodological Developments in Data Linkage:
245
_c
Katie Harron
260
_c
2016
650
_x
ADVANCED DATABASE SYSTEM
856
_u
http://down.ebook777.com/031/1118745876.pdf
999
_c
347079
_d
347079